Klinická povaha papilómov močového mechúra

Bibliographic Details
Main Authors: Horňák, Michal, 1929-2016 (Author), Ondruš, Boris, 1924-1995 (Author), Hradec, Jan, 1951- (Author)
Format: Article
Language:Slovak
PhysicalDescription:Lit. 10 zázn. v češ., angl., nem.
Subjects:

MARC

LEADER 00000nab a2200000 a 4500
001 vtls000145721
003 SK-MaSNL
005 20260304030515.0
008 220422c1983 xo 0 slo
015 |a SNBRB19rr/mm-uuuuu 
035 |a CL0155828 
040 |a SNKBUCL  |b slo  |c SNKBUCL  |e AACR2 
041 0 |a slo 
044 |a xo  |c SK 
080 |a 616.62-006.5  |2 1981 
100 1 |a Horňák, Michal,  |d 1929-2016  |4 aut  |9 25820 
245 1 0 |a Klinická povaha papilómov močového mechúra  |c M. Horňák, B. Ondruš, J. Hradec 
300 |b Lit. 10 zázn. v češ., angl., nem. 
650 0 7 |a močový mechúr  |2 snkbucl  |9 70115 
655 7 |a články z novín a časopisov  |2 snkbucl  |9 267496 
700 1 |a Ondruš, Boris,  |d 1924-1995  |4 aut  |9 192071 
700 1 |a Hradec, Jan,  |d 1951-  |4 aut  |9 234547 
773 0 |t Praktický lékař  |g Roč. 63, č. 5 (1983), s. 179-180 
850 |a Slovenská národná knižnica v Martine  |a MTA001 
852 |a SNK  |b KIS3GCP 
958 |a NB 
958 |a RK 
958 |a ME 
958 |a CZ 
992 |a RBX 
999 |c 2634417  |d 2636347